| 000 | 01709nam a2200337 a 4500 | ||
|---|---|---|---|
| 001 | 000011363 | ||
| 003 | DO-SdBNP | ||
| 005 | 20170927125144.0 | ||
| 007 | 000011363 | ||
| 008 | 091016s2006 dr 001 p spa d | ||
| 020 | _a9945160567 | ||
| 040 |
_aBPMSU _bspa _cBPMSU |
||
| 092 |
_aRD861.508 _bR438a |
||
| 245 | 0 | 4 |
_aLos retoños de la aurora / _ccompilador J. Estévez Aristy ; presentación José Reyes. |
| 260 |
_aSanto Domingo : _bBúho, _c2006. |
||
| 300 |
_a126 p. : _bil. ; _c22 cm. |
||
| 505 | 0 |
_gPalabras de apertura / _rIsael Pérez -- _tPrólogo / _gJ. Estévez Aristy -- _tPresentación / _rJosé Reyes -- _rAdela Germán -- _rRomina Bayo -- _rMarielys Duluc Reyna -- _rVíctor Manuel Zorrilla -- _rBertha C. Martínez -- _rKarelyn Dyer José -- _rBienvenido Jiménez Sánchez (Niño) -- _rCarolina Estefany Silvestre Rondón -- _rPeter -- _rJeter -- _rEulogio Jiménez Germán -- _rLuis Antonio Villanueva -- _rOlga Carmen Hernández Nieves -- _rReynaldo Alberto Berroa -- _rOlga Carmen Justiniano Díaz -- _rPedro Henríquez Severino. |
|
| 586 | _aPrimer concurso de poesía "Juan Bosch", 2005 -2006, Auspiciado por el Ayuntamiento municipal de La Romana. | ||
| 650 | 4 |
_aPOESÍA DOMINICANA _xCOLECCIONES |
|
| 650 | 4 |
_aLITERATURA DOMINICANA _xCOLECCIONES |
|
| 700 | 1 | 2 |
_aAristy, Estévez _ecomp. |
| 700 | 1 |
_aReyes José, _epresent |
|
| 910 | _aValidado. Control de calidad MFF | ||
| 930 | 1 |
_lBND01 _mLF1 _hRD861.508 _820091016 _f04 _pHD _g6559 |
|
| 942 |
_2ddc _cBK |
||
| 945 | _aTitulo remanejado para BNPHU | ||
| 956 |
_aAVARGAS _b10 _c20091016 _lBND01 _h1412 |
||
| 956 |
_aVMATEO _b10 _c20091021 _lBND01 _h1520 |
||
| 956 |
_aEMARRERO _b40 _c20120412 _lBND01 _h2134 |
||
| 956 |
_aVMATEO _b10 _c20150427 _lBND01 _h00151 |
||
| 999 |
_c7710 _d7710 |
||